| 000 | 00540nam a2200193Ia 4500 | ||
|---|---|---|---|
| 005 | 20250326141134.0 | ||
| 008 | 250326s9999 xx 000 0 und d | ||
| 037 | _aTextbook | ||
| 040 |
_aFMSL _beng _cFMSL |
||
| 041 |
_aeng _2eng |
||
| 084 |
_aB2893 N2;N7 _qFMSL |
||
| 100 | _aTaha H.a. | ||
| 245 | 0 |
_aOperations research: An introduction _cTaha H.a. |
|
| 250 | _a6th Ed. | ||
| 260 |
_aNew Delhi _bNew Delhi, Prentice-Hall of India. _c1997 |
||
| 300 | _a936p | ||
| 942 |
_cTB _hB2893 N2;N7 |
||
| 999 |
_c1288875 _d1288875 |
||